000 00456nam a2200169Ia 4500
005 20250508155541.0
008 008 250505s9999 xx 000 0 eng d
037 _aTextual
040 _aFEDL
_beng
_cFEDL
041 _aeng
_2eng
084 _a313.370951, CHI
_qFEDL
245 0 _aEducational statistics of the republic of china
260 _c1960
300 _a69p.
942 _cTEXL
_h313.370951, CHI
999 _c1357665
_d1357665